000
00281nam a2200121Ia 4500
008
190216s9999||||xx |||||||||||||| ||und||
100
_a
Vinay Sharma
245
0
_a
Hindi-Kahaniyam Dhadhuom Ki
260
_b
Sharma Yend Sams
_c
2010
300
_a
180
650
_a
Hindi
942
_c
BK
999
_c
16907
_d
16907